The temptation is strong but you should not give in (Record no. 74539)
[ view plain ]
| 000 -LEADER | |
|---|---|
| fixed length control field | 01648cab a2200253 4500 |
| 001 - CONTROL NUMBER | |
| control field | ABS68279 |
| 008 - FIXED-LENGTH DATA ELEMENTS--GENERAL INFORMATION | |
| fixed length control field | 040920n2004 000 0 eng u |
| 035 ## - SYSTEM CONTROL NUMBER | |
| System control number | (Sirsi) u127461 |
| 100 ## - MAIN ENTRY--PERSONAL NAME | |
| Personal name | Williamson, H. |
| 245 #4 - TITLE STATEMENT | |
| Title | The temptation is strong but you should not give in |
| 260 ## - PUBLICATION, DISTRIBUTION, ETC. | |
| Date of publication, distribution, etc. | 2004 |
| 490 ## - SERIES STATEMENT | |
| Series statement | Estates Gazette |
| Volume/sequential designation | (0436) 4 September 2004, 119(1) |
| 520 ## - SUMMARY, ETC. | |
| Summary, etc. | Advises house vendors to exercise caution in what they say when answering pre-contract questions on their property. Cites "McMeekin v Long" (HC, X122385), where the vendors fraudulently misrepresented their relations with neighbours as being good and friendly whereas there had been a longstanding confrontation with one adjacent landowner. In "Goff v Gauthier" (ChD, [1991] 62 P&CR 388) a vendor's solicitor acting on instructions had put pressure on the purchaser to complete swiftly by threatening to sell to another alternative purchaser if exchange did not take place within a week. The purchaser exchanged without securing finance and subsequently was unable to complete. The vendor claimed the deposit. It was held that the contract was voidable for misrepresentation because the statement of the vendor's intentions was a serious inducement to get the purchaser to enter into the contract and that the deposit should be returned to the purchaser. |
| 590 ## - LOCAL NOTE (RLIN) | |
| Local note | ABS |
| 650 ## - SUBJECT ADDED ENTRY--TOPICAL TERM | |
| Topical term or geographic name entry element | NEIGHBOUR DISPUTES |
| 650 ## - SUBJECT ADDED ENTRY--TOPICAL TERM | |
| Topical term or geographic name entry element | MISREPRESENTATION |
| 650 ## - SUBJECT ADDED ENTRY--TOPICAL TERM | |
| Topical term or geographic name entry element | DEPOSITS |
| 650 ## - SUBJECT ADDED ENTRY--TOPICAL TERM | |
| Topical term or geographic name entry element | PURCHASERS |
| 650 ## - SUBJECT ADDED ENTRY--TOPICAL TERM | |
| Topical term or geographic name entry element | VENDORS |
| 650 ## - SUBJECT ADDED ENTRY--TOPICAL TERM | |
| Topical term or geographic name entry element | MCMEEKIN AND ANOTHER V LONG AND ANOTHER |
| 650 ## - SUBJECT ADDED ENTRY--TOPICAL TERM | |
| Topical term or geographic name entry element | GOFF V GAUTHIER |
| 690 ## - LOCAL SUBJECT ADDED ENTRY--TOPICAL TERM (OCLC, RLIN) | |
| Topical term or geographic name as entry element | PROPERTY AND LAND LAW-CONVEYANCING-CASE LAW |
| 942 ## - ADDED ENTRY ELEMENTS (KOHA) | |
| Suppress in OPAC | 0 |
| Withdrawn status | Lost status | Source of classification or shelving scheme | Damaged status | Not for loan | Home library | Current library | Shelving location | Date acquired | Total Checkouts | Full call number | Barcode | Date last seen | Copy number | Price effective from | Koha item type |
|---|---|---|---|---|---|---|---|---|---|---|---|---|---|---|---|
| Dewey Decimal Classification | London | London | Journal article | 20/09/2004 | ABS68279 | 127461-1001 | 06/08/2019 | 1 | 06/08/2019 | Journal article |